Statistiken für 100 Größte Ortschaften der Steiermark

Klicken Sie hier um das Quiz zu spielen!

Allgemein

  • Dieses Quiz wurde 66 mal gespielt
  • Das Durchschnittsergebnis liegt bei 36 aus 100

Antwortstatistiken

Einwohner#Ortschaft% Korrekt
291.134GGraz
98%
8.059LELeoben
89%
8.942BMBruck an der Mur
87%
8.421DLDeutschlandsberg
82%
9.334WZWeiz
82%
8.860LBLeibnitz
80%
9.391VOVoitsberg
80%
6.604LILiezen
76%
6.451HFFürstenfeld
73%
3.412MUMurau
73%
5.747BMMürzzuschlag
73%
5.236GUHart bei Graz
69%
11.455MTKnittelfeld
69%
3.358LISchladming
64%
8.159MTJudenburg
62%
3.162BMKapfenberg
62%
6.655WZGleisdorf
60%
4.281HFHartberg
60%
4.806SOFeldbach
58%
5.973GUKirchenviertel
58%
3.607GUGratwein
53%
4.187VOKöflach
53%
3.724LEEisenerz
51%
5.265BMKindberg
51%
7.944GUSeiersberg
51%
7.610LETrofaiach
49%
3.078GUFrohnleiten
47%
1.602LBStraß in Steiermark
44%
4.283VOBärnbach
42%
1.693SOFehring
42%
5.668GUKalsdorf bei Graz
42%
2.151LIRottenmann
42%
4.332MTZeltweg
42%
3.117LIGröbming
40%
2.368LITrieben
40%
2.136LIAdmont
38%
2.580LBGralla
38%
3.125BMKrieglach
38%
3.318GULieboch
38%
1.762DLStainz
38%
2.346GUPirka
36%
1.555BMSt. Marein im Mürztal
36%
1.641WZBirkfeld
33%
2.385GUThal
33%
2.235GUUnterpremstätten
33%
2.388LBWagna
33%
2.624LBWildon
33%
2.374GUDeutschfeistritz
31%
1.650GUFeldkirchen bei Graz
31%
2.811MTFohnsdorf
31%
2.388GURaaba
31%
4.263MTSpielberg
31%
1.612GUJudendorf
29%
5.313LEJudendorf
29%
3.155BMLangenwang
29%
2.769GUStraßengel
29%
3.880SOSt. Stefan im Rosental
29%
2.453GUWerndorf
29%
3.233GUHausmannstätten
27%
2.446LBKaindorf
27%
1.544LISelzthal
27%
1.859GUEggersdorf bei Graz
24%
3.824LEGöss
24%
1.652MUNeumarkt in Steiermark
24%
2.365LENiklasdorf
24%
2.085GUPeggau
24%
2.792LIRamsau am Dachstein
24%
2.794GULaßnitzhöhe
22%
1.705VOMaria Lankowitz
22%
1.531WZPischelsdorf i. d. Stmk.
22%
2.514BMSt. Lorenzen im Mürztal
22%
4.643GUVasoldsberg
22%
3.118GUFernitz
20%
1.589LBGamlitz
20%
1.995HFPöllau
20%
2.741GUGössendorf
18%
6.226BMHafendorf
18%
1.535GUKainbach bei Graz
18%
1.769GUKumberg
18%
1.650VORosental an der Kainach
18%
1.978BMWartberg im Mürztal
18%
1.895GUGrambach
16%
1.662BMHönigsberg
16%
3.592VOPichling bei Köflach
16%
1.577GUAbtissendorf
13%
2.524BMBerndorf
13%
5.440BMDeuchendorf
13%
1.998SOMühldorf bei Feldbach
13%
1.529MTObdach
13%
1.852LIStainach
13%
2.361BMSt. Martin
13%
2.104BMDiemlach
11%
3.335LEDonawitz
11%
3.501LBLeitring
11%
1.945BMMitterdorf im Mürztal
11%
2.581GUWagnitz
9%
2.299MTDietersdorf
7%
1.716LIHall
2%
2.619LELeitendorf
2%
1.804LELiesingtal
2%

Verteilung der Resultate

Perzentil nach korrekt beantworteten Fragen

Anzahl Personen mit jedem Resultat

Ihre Resultats-Entwicklung

Sie haben dieses Quiz noch nicht gespielt